00491nam a22001457a 4500003000600000005001700006008004100023040000800064082002300072100001600095245013200111260004500243300001700288650004000305GBCCL20241126110704.0220405b ||||| |||| 00| 0 eng d cgbc aARCH GBC-2020bGIN aGinkhual, K aA study on the Biblical fellowship of the early Christians and its implications to the Evangelical Baptist Convention in Lamka  aNew Lamka: bGrace Bible College, c2020 a,xvii 56 p.; aChristianityvEBCzNorth East India